[Event "Bogota IRT op 06"]
[Site "Bogota"]
[Date "2012.06.10"]
[Round "4"]
[White "Prado Useche, Leonardo"]
[Black "Lizarazo, Juan Carlos"]
[Result "0-1"]
[WhiteElo "1914"]
[BlackElo "2105"]
[PlyCount "30"]
[EventDate "2012.06.08"]
[EventType "swiss"]
[EventRounds "7"]
[EventCountry "COL"]
[SourceTitle "CBM 148 Extra"]
[Source "ChessBase"]
[SourceDate "2012.06.22"]
[SourceVersion "1"]
[SourceVersionDate "2012.06.22"]
[SourceQuality "1"]

1. e4 e5 2. Nf3 Nc6 3. d4 exd4 4. Nxd4 Nf6 5. Nxc6 bxc6 6. Bd3 d6 7. 0-0 g6 8. Nc3 Bg7 9. f4 Ng4 10. Qf3 Qh4 11. h3 Bd4+ 12. Kh1 Nf2+ 13. Kh2 Ng4+ 14. Kh1 Nf2+ 15. Rxf2 Qxf2 0-1

[Event "Bogota op 02"]
[Site "Bogota"]
[Date "2012.02.26"]
[Round "6"]
[White "Castellanos, Camilo Andres"]
[Black "Prado Useche, Leonardo"]
[Result "0-1"]
[WhiteElo "1608"]
[BlackElo "2036"]
[PlyCount "72"]
[EventDate "2012.02.23"]
[EventType "swiss"]
[EventRounds "7"]
[EventCountry "COL"]
[SourceTitle "CBM 147 Extra"]
[Source "ChessBase"]
[SourceDate "2012.04.24"]
[SourceVersion "1"]
[SourceVersionDate "2012.04.24"]
[SourceQuality "1"]

1. e4 c5 2. Nf3 e6 3. d4 cxd4 4. Nxd4 Nf6 5. Nc3 Bb4 6. Bd3 Qa5 7. Bd2 Nc6 8. Nb3 Qc7 9. 0-0 a6 10. Kh1 b5 11. f4 h5 12. e5 Ng4 13. Be2 Nh6 14. Ne4 Be7 15. c4 bxc4 16. Bxc4 Nf5 17. Bd3 h4 18. Nf2 a5 19. Bxf5 exf5 20. Rc1 g6 21. Qe1 Ba6 22. Bxa5 Qb7 23. Rg1 h3 24. Qc3 hxg2+ 25. Rxg2 Rh7 26. Qd2 Nxa5 27. Nxa5 Bb4 28. Nxb7 Bxd2 29. Nd6+ Ke7 30. Rd1 Bxf4 31. Nd3 Bxd3 32. Rxd3 Rxa2 33. Re2 Ra1+ 34. Kg2 Rxh2+ 35. Kf3 Rf1+ 36. Rf2 Rfxf2# 0-1